00781 2200229 4500001002100000005001700021008004100038035002400079082001100103090002200114100001600136245013600152260002800288300002800316500010500344500002900449650003400478850000900512985000600521986000900527999001500536YOGYA-0209000007195120090227093604.0 ind  0010-020900000071951 a910.07 a910.07bKar FlSK aKARYAJAYADI aFaktor-faktor yang berkaitan dengan prestasi belajar Geografi di SMUbsebuah studi di Kabupaten Bantul Yogyakarta 1995cKaryajayadi aYogyakartab[s.n]c1995 axiii,79[18]lembarc29cm aSkripsi fakultas pendidikan ilmu pengetahuan sosial institut keguruan dan ilmu pendidikan Yogyakarta aBibliografi:lembar 77-79 ageografi-studi dan pengajaran aBPAD a1 aheru a08A0035635